1672 1472 1067 1895 1067 1608 1334 1610 1387 1431 1287 1519 1527 1691 1298 1714 1309 1363 1464 1501 1205 1328 1780 1535 1771 1093 1273 1412 1682 1964 1448 1952 1862 1134 1573 1857 1745 1318 1122 1691 1821 1952 1395 1895 1468 1057 1534 1673 1323 1721 1442 1674 1763 1711 1846 1779 1185 1760 1095 1658 1512 1479 1725 1442 1960 1944 1742 1589 1610 1390 1702 1122 1900 1467 1537 1557 1840 1096 1187 1613 1702 1549 1174 1948 1437 1240 1506 1024 1245 1400 1617 1832 1993 1021 1466 1327 1190 1611 1013 BCNSPRNW ULIB Ver.6.0+V

เปลี่ยนเป็นภาษาไทย

Change to English
 แสดงรายละเอียดบรรณานุกรม
  กลับหน้าหลัก

Brief Record : Get Marc (ISO 2709) : E-mail record : QR code < ปิดหน้าต่าง
LEADER : 00000nam 2200000uu 4500
001    13399108616
003     ULIB
008    110310s2553||||th 000 0 tha d
020    9789746724920
060 04 QX460^bน253ส 2553
100 0  นริศรา จริยะพันธุ์
245 10 สัตว์ขาข้อมีพิษ =^bVenomous arthropods /^cนริศราจริยะพันธุ์
246 31 Venomous arthropods
250    พิมพ์ครั้งที่ 1
260    เชียงใหม่ :^bภาควิชาปรสิตวิทยา คณะแพทยศาสตร์มหาวิทยาลัยเชียงใหม่,^c2553
300    110 หน้า :^bภาพประกอบ ;^c22 ซม.
650  2 Arthropod Vectors
650  2 Arthropods
650  7 อาร์โทรโปดา^xแง่การแพทย์
650  7 สัตว์มีพิษ^xแง่การแพทย์
650  7 พิษสัตว์^xการรักษา
650  7 พิษสัตว์^xการป้องกันและควบคุม
710 2  มหาวิทยาลัยเชียงใหม่. ^bคณะแพทยศาสตร์. ^bภาควิชาปรสิตวิทยา
945    ^p250^l0^i027970
995    ทศพร
999 ^a ใช้งานได้ทุกระบบ
รายการนี้ยังไม่มีแท็ก
คุณยังไม่ได้ล็อกอิน คุณสามารถมีกิจกรรมร่วมกับเว็บไซต์ได้ แต่ต้องล็อกอินก่อน ::
  ล็อกอิน

รายการสื่อสารสนเทศ

ลำดับที่ ประเภท เลขเรียก/บาร์โค้ด สถานที่ สถานะ
1. วิทยาศาสตร์การแพทย์ และสุขภาพ
วิทยาศาสตร์การแพทย์ และสุขภาพ
QX460 น253ส 2553 ฉ.1 
  Barcode: 027970
ห้องสมุดวิทยาเขตสวรรค์ประชารักษ์
►ส่วนจัดเก็บหนังสือเก่า สปร
บนชั้น
  ขอยืม

BibComment


ยังไม่เคยถูกคอมเมนท์

คอมเมนท์ทรัพยากรรายการนี้
  คอมเมนท์: สัตว์ขาข้อมีพิษ ..


 Copyright 2026. Bcnsprnw @Library